Aj leasingové spoločnosti potrebujú v súlade s rýchlym rozvojom informácie na dosah ruky

Význam uplatnenia moderných informačných systémov v práci leasingových spoločností. Význam pri posudzovaní informačného systému má jeho schopnosť zamedziť úniku, poškodeniu a strate dát. Informačný systém a sieť. Význam rýchlosti akou dokáže leasingová spoločnosť reagovať na požiadavky klientov. Účt...

Descrizione completa

Salvato in:
Dettagli Bibliografici
Autore principale: Starzl, S.
Natura: Capitolo di libro
Lingua:slovacco
Soggetti:
Tags: Aggiungi Tag
Nessun Tag, puoi essere il primo ad aggiungerne!!

MARC

LEADER 00000naa a2200000 4500
001 r026446
005 20230921081317.9
041 0 |a slo 
044 |a SK 
245 1 0 |a Aj leasingové spoločnosti potrebujú v súlade s rýchlym rozvojom informácie na dosah ruky  |c S. Starzl 
520 |a Význam uplatnenia moderných informačných systémov v práci leasingových spoločností. Význam pri posudzovaní informačného systému má jeho schopnosť zamedziť úniku, poškodeniu a strate dát. Informačný systém a sieť. Význam rýchlosti akou dokáže leasingová spoločnosť reagovať na požiadavky klientov. Účtovanie v leasingových spoločnostiach. Význam Internetu pre leasing. 
610 2 0 |a lízing 
610 2 0 |a spoločnosti lízingové 
610 2 0 |a informácie 
610 2 0 |a systémy informačné 
610 2 0 |a dáta 
610 2 0 |a účtovníctvo 
610 2 0 |a internet 
610 2 0 |a siete počítačové 
100 1 |a Starzl, S.